<?xml version="1.0" encoding="UTF-8"?><?xml-stylesheet type="text/xsl" href="static/style.xsl"?><OAI-PMH xmlns="http://www.openarchives.org/OAI/2.0/" xmlns:xsi="http://www.w3.org/2001/XMLSchema-instance" xsi:schemaLocation="http://www.openarchives.org/OAI/2.0/ http://www.openarchives.org/OAI/2.0/OAI-PMH.xsd"><responseDate>2026-06-01T08:31:21Z</responseDate><request verb="GetRecord" identifier="oai:riuma.uma.es:10630/29808" metadataPrefix="marc">https://riuma.uma.es/rest/oai/request</request><GetRecord><record><header><identifier>oai:riuma.uma.es:10630/29808</identifier><datestamp>2026-02-03T11:13:05Z</datestamp><setSpec>com_10630_2254</setSpec><setSpec>col_10630_37953</setSpec></header><metadata><record xmlns="http://www.loc.gov/MARC21/slim" xmlns:dcterms="http://purl.org/dc/terms/" xmlns:doc="http://www.lyncode.com/xoai" xmlns:xsi="http://www.w3.org/2001/XMLSchema-instance" xsi:schemaLocation="http://www.loc.gov/MARC21/slim http://www.loc.gov/standards/marcxml/schema/MARC21slim.xsd">
   <leader>00925njm 22002777a 4500</leader>
   <datafield ind2=" " ind1=" " tag="042">
      <subfield code="a">dc</subfield>
   </datafield>
   <datafield ind2=" " ind1=" " tag="720">
      <subfield code="a">Cabezas-Jiménez, María del Mar</subfield>
      <subfield code="e">author</subfield>
   </datafield>
   <datafield ind2=" " ind1=" " tag="720">
      <subfield code="a">Pérez-Montaut Martí, María Dolores</subfield>
      <subfield code="e">author</subfield>
   </datafield>
   <datafield ind2=" " ind1=" " tag="260">
      <subfield code="c">2021</subfield>
   </datafield>
   <datafield ind2=" " ind1=" " tag="520">
      <subfield code="a">El arte está implicado dentro de la comunidad de intereses en la que convive. Está relacionado con otras disciplinas, otras metodologías de conocimiento y de conversación con lo real, en las que el arte marca una línea diferenciadora al aportar la perspectiva de las y los artistas sobre el asunto, aunque no sea un asunto específico del arte. Este artículo muestra cómo&#xd;
se aúnan la investigación para la docencia y la investigación como práctica artística en una línea de conocimiento transversal: la del enfoque de la perspectiva de género aplicada al dibujo contemporáneo por haber detectado y contrastado que existen particularidades en esta disciplina al respecto.</subfield>
   </datafield>
   <datafield ind1="8" ind2=" " tag="024">
      <subfield code="a">Cabezas Jiménez, Mar (2021). Dibujo contemporáneo y perspectiva de género. Dos casos paradigmáticos. Afluir (Monográfico extraordinario III), págs. 177-187, https://dx.doi.org/10.48260/ralf.extra3.73</subfield>
   </datafield>
   <datafield ind1="8" ind2=" " tag="024">
      <subfield code="a">2659-7721</subfield>
   </datafield>
   <datafield ind1="8" ind2=" " tag="024">
      <subfield code="a">https://hdl.handle.net/10630/29808</subfield>
   </datafield>
   <datafield tag="653" ind2=" " ind1=" ">
      <subfield code="a">Feminismo y arte</subfield>
   </datafield>
   <datafield ind2="0" ind1="0" tag="245">
      <subfield code="a">Dibujo contemporáneo y perspectiva de género. Dos casos paradigmáticos</subfield>
   </datafield>
</record>
</metadata></record></GetRecord></OAI-PMH>